Die missbrauchten Liebesbriefe und andere Novellen. (Record no. 5760)

MARC details
000 -LEADER
fixed length control field 00783cam a22002411 4500
001 - CONTROL NUMBER
control field af 48003756
003 - CONTROL NUMBER IDENTIFIER
control field DLC
005 - DATE AND TIME OF LATEST TRANSACTION
control field 20260227110904.0
008 - FIXED-LENGTH DATA ELEMENTS--GENERAL INFORMATION
fixed length control field 890302s1943 gw 000 1 ger c
010 ## - LIBRARY OF CONGRESS CONTROL NUMBER
LC control number af 48003756
035 ## - SYSTEM CONTROL NUMBER
System control number (OCoLC)19291083
040 ## - CATALOGING SOURCE
Original cataloging agency Yale Univ. Library
Transcribing agency CU
Modifying agency DLC
042 ## - AUTHENTICATION CODE
Authentication code premarc
050 00 - LIBRARY OF CONGRESS CALL NUMBER
Classification number PT2374
Item number .M5 1943
100 1# - MAIN ENTRY--PERSONAL NAME
Personal name Keller, Gottfried,
Dates associated with a name 1819-1890.
245 14 - TITLE STATEMENT
Title Die missbrauchten Liebesbriefe und andere Novellen.
250 ## - EDITION STATEMENT
Edition statement [1. Aufl. der Feldausgabe]
260 ## - PUBLICATION, DISTRIBUTION, ETC.
Place of publication, distribution, etc. Gütersloh,
Name of publisher, distributor, etc. C. Bertelsmann
Date of publication, distribution, etc. [1943]
300 ## - PHYSICAL DESCRIPTION
Extent 211 p.
Dimensions 18 cm.
505 0# - FORMATTED CONTENTS NOTE
Formatted contents note Die missbrauchten Liebesbriefe.--Die drei gerechten Kammacher.--Romeo und Julia auf dem Dorfe.
740 4# - ADDED ENTRY--UNCONTROLLED RELATED/ANALYTICAL TITLE
Uncontrolled related/analytical title Die drei gerechten Kammacher.
740 0# - ADDED ENTRY--UNCONTROLLED RELATED/ANALYTICAL TITLE
Uncontrolled related/analytical title Romeo und Julia auf dem Dorfe.

No items available.

Powered by Koha